The easy butterfly guide

Bibliographic Details
Main Author: Benton, Ted
Other Authors: Bernhard, Tim
Format: Book
Published: London : Aurem Press Ltd , 2006
Subjects:

MARC

LEADER 00000cam a2200000 7i4500
001 0000020428
005 20080626.0
008 080626
020 |a 1845131207 
090 0 0 |a 595.789   |b BEN 
100 1 |a Benton, Ted 
245 1 4 |a The easy butterfly guide   |c Ted Benton ; paintings by Tim Bernhard 
260 |a London :   |b Aurem Press Ltd ,   |c 2006 
650 0 |a Butterflies   |x Indentification 
650 0 |a Butterflies   |x Pictorial works 
700 1 |a Bernhard, Tim 
999 |a 0001025736   |b Book   |c Adult Collection   |e Perbadanan Perpustakaan Awam Johor